Music Quiz

Random Music or Album Quiz

One-Word Beatles Songs Quiz Stats

 Plays Quiz Updated Dec 23, 2019

Support Sporcle.
Go Orange.
Score 0/19 Timer 06:00
2 Plays Today
Letter Song % Correct
HHelp!
94.8%
YYesterday
71.7%
MMichelle
56.9%
SSomething
49.7%
RRevolution
46.8%
TTaxman
44.9%
BBlackbird
44.8%
JJulia
43.9%
BBecause
43%
GGirl
41.8%
Letter Song % Correct
FFlying
30%
PPiggies
29.7%
BBoys
29.5%
BBirthday
28.8%
CChains
28.4%
WWait
27.4%
RRain
26.3%
MMisery
23.6%
MMatchbox
15.5%

From the Vault

1960s Artists on Their Album Cover

by nscox

Music 7m
These artists liked to put their best face forward.
Remove Ads.
Support Sporcle.
Get the best of Sporcle when you Go Orange. This ad-free experience offers more features, more stats, and more fun while also helping to support Sporcle. Thank you for becoming a member.

Show Comments

Extras

Top Quizzes Today


Score Distribution

Your Account Isn't Verified!

In order to create a playlist on Sporcle, you need to verify the email address you used during registration. Go to your Sporcle Settings to finish the process.

Report this User

Report this user for behavior that violates our Community Guidelines.

Details: